Dostavba prieluky, Radlinského ulica, Bratislava
Gespeichert in:
| 1. Verfasser: | |
|---|---|
| Weitere Verfasser: | |
| Format: | Manuskript Buch |
| Sprache: | Slowakisch |
| Veröffentlicht: |
Bratislava
2022
|
| Schlagworte: | |
| Online-Zugang: | http://is.stuba.sk/zp/portal_zp.pl?podrobnosti=153549 |
| Tags: |
Keine Tags, Fügen Sie das erste Tag hinzu!
|
MARC
| LEADER | 00000ntm a22000003a 4500 | ||
|---|---|---|---|
| 001 | stuzp90935 | ||
| 003 | SK-STU | ||
| 005 | 20221025121115.8 | ||
| 007 | ta | ||
| 008 | 150427s2015----xo-----f-mn---000-0-slo-d | ||
| 040 | |a STU |b slo | ||
| 041 | 0 | |a slo | |
| 100 | 1 | |a Borovský, Pavol |u 051110 |4 aut |U FAD Fakulta architektúry a dizajnu |T FAD Ústav architektúry obytných budov |X 99729 |U A1110 |Y 392 |7 99729 | |
| 242 | 0 | 1 | |a Completion of the gap, Radlinska str., Bratislava |y eng |
| 245 | 1 | 0 | |a Dostavba prieluky, Radlinského ulica, Bratislava |
| 260 | |c 2022 |a Bratislava | ||
| 650 | 4 | |a krízové centrum |2 slo | |
| 650 | 4 | |a matka a deti v núdzi |2 slo | |
| 650 | 4 | |a kaplnka |2 slo | |
| 650 | 4 | |a crisis center |2 eng | |
| 650 | 4 | |a mother with children in crisis |2 eng | |
| 650 | 4 | |a chapel |2 eng | |
| 700 | 1 | |a Závodný, Ľubomír |u 051110 |k Z1 |4 ths |U FAD Fakulta architektúry a dizajnu |T FAD Ústav architektúry obytných budov |X 45410 |U A1110 |Y 392 |7 45410 | |
| 856 | 4 | |u http://is.stuba.sk/zp/portal_zp.pl?podrobnosti=153549 |u https://opac.crzp.sk/?fn=detailBiblioForm&sid=62A48EA6D8C294D554C1BA542714 | |